000 00287nam a22001337a 4500
008 170327b xxu||||| |||| 00| 0 eng d
020 _a0801648505
041 _aeng
080 _a61
100 _a8
101 _aSHM
245 _aMANUAL OF MEDICAL PROCEDURES
_cSURATT
942 _2udc
_cBK
999 _c8738
_d8738